000 00760nam a2200205 a 4500
008 060424s1995 ||||||||||||||||| || u
020 _a087322812X
050 _aGV 706.4 Wei
100 _aWeinberg, Robert Stephen
245 1 0 _aFoundations of sport and exercise psychology
260 _aChampaign, IL :
_bHuman Kinetics
_c1995
300 _axiv, 529 p. : ill.
350 _a0.00
500 _aIncludes bibliographical references
650 _aSPORTS
650 _aEXERCISE-- PSYCHOLOGICAL ASPECTS
650 _aSPORTS--PSYCHOLOGICAL ASPECTS
700 _aGould, Daniel, 1952-
995 _D0.00
_FCBU-MAIN LIBRARY (Kitwe)
_H1
_I42.50
_M1
_UAVAILABLE
_WJul 12, 2006
_ZMain Library Open Access Collection
999 _c43914
_d43914